000 00297nam a22001337a 4500
008 170929b xxu||||| |||| 00| 0 eng d
020 _a2900078110275
041 _aeng
080 _a37
100 _a47
101 _aEDU
245 _aHUMAN DIVERSITY IN EDUCATION
_cCUSHNER, K
942 _2udc
_cBK
999 _c30688
_d30688